000 00640nam a2200241Ia 4500
003 OSt
005 20221005033316.0
006 a|||||r|||| 00| 0
007 ta
008 221004b |||||||| |||| 00| 0 eng d
024 _a101129
037 _cTextual
040 _aCRL
_cCRL
_beng
041 _2eng
_aeng
082 _aO111944:g(R5), M6
100 _aNagendra
245 0 _aEmotive basis of literature
260 _aDelhi
_bB.R. Publiching Corporation India
_c1986
300 _a258p.
_ccm.
650 _aENGLISH LITERATURE
942 _hO111944:g(R5), M6
_cTEXL
_2cc
999 _c941324
_d941324